| 000 | 00354nam a2200121Ia 4500 | ||
|---|---|---|---|
| 008 | 220216s9999 xx 000 0 und d | ||
| 100 | _aCannon Andrew H et al. | ||
| 245 | 0 | _aExtrusion of low friction and low tack microstructured surfaces on silicone rubber | |
| 260 |
_bRubber World _c2013 |
||
| 300 | _a26-28 | ||
| 650 | _aSilicone rubber | ||
| 942 | _cJS | ||
| 999 |
_c59213 _d59213 |
||